000 01190nam a2200301 c 4500
003 BLK
005 20180422104258.0
008 180408b bul|||||r ||||||| ||bul||
010 _aKNG00090520000
020 _a978-954-28-0232-7
_bиздат.: Сиела Софт енд Паблишинг
040 _aBLK
041 _aBUL
_cBUL
080 _aАмериканска литература (на САЩ)
_b821.111(73)
_x-31
_z821.111(73)-31
100 1 _aХоланд, Травис
_eпърви автор
_9302044
700 1 _aКостурков, Йордан Йорданов
_eпрев. от англ.
_9371461
139 _aХоланд, Травис
_bХ 60
245 1 0 _aРазказът на архивиста
_cТравис Холанд; прев. от англ. Йордан Йорданов Костурков.
257 _aUSA
260 София
_bСиела Софт енд Паблишинг
_c2008
300 _a240 с.
_c21 см
380 _aX
500 _aОриг. загл. The Archivist's Story / Travis Holland
852 _aЦб 244725
856 4 _qpdf
_u
856 4 _qpdf
_u
942 _cKNG
_n0
944 _aCR
_c09.07.2009
_kВаля_Йорданова
944 _aED
_c09.07.2009
_k
999 _c85913
_d85913